Vývoj GC-MS metódy pre stanovenie venlafaxínu

Salvato in:
Dettagli Bibliografici
Autore principale: Urban, Krištof (Autore)
Altri autori: Machyňáková, Andrea (Relatore della tesi)
Natura: Manoscritto Libro
Lingua:slovacco
Pubblicazione: 2022
Soggetti:
Accesso online:http://is.stuba.sk/zp/portal_zp.pl?podrobnosti=157045
Tags: Aggiungi Tag
Nessun Tag, puoi essere il primo ad aggiungerne!!

MARC

LEADER 00000ntm a22000003a 4500
001 stuzp90360
003 SK-STU
005 20220625211814.6
007 ta
008 150427s2015----xo-----f-mn---000-0-slo-d
040 |a STU  |b slo 
041 0 |a slo 
100 1 |a Urban, Krištof  |u 041000  |4 aut  |U FCHPT Fakulta chemickej a potravinárskej technológie  |T FCHPT Ústav analytickej chémie  |X 104779  |U C1000  |Y 99  |7 104779 
242 0 1 |a Development of GC-MS method for the determination of venlafaxine  |y eng 
245 1 0 |a Vývoj GC-MS metódy pre stanovenie venlafaxínu 
260 |c 2022 
650 4 |a plynová chromatografia  |2 slo 
650 4 |a venlafaxín  |2 slo 
650 4 |a hmotnostná spektrometria  |2 slo 
650 4 |a venlafaxine  |2 eng 
650 4 |a gas chromatography  |2 eng 
650 4 |a mass spectrometry  |2 eng 
700 1 |a Machyňáková, Andrea  |u 041000  |k Z2  |4 ths  |U FCHPT Fakulta chemickej a potravinárskej technológie  |T FCHPT Ústav analytickej chémie  |X 58221  |U C1000  |Y 99  |7 58221 
856 4 |u http://is.stuba.sk/zp/portal_zp.pl?podrobnosti=157045